Československá socialistická republika

Other Authors: Kelemen, Albert, 1922-1985
Language: Czech
Published: [Praha] : Ústřední správa geodézie a kartografie, 1965
Edition: 3. čes. vyd.
Physical Description: 1 list ; 35 x 59 cm
Map
Saved in:
LEADER 00690nem a22001932a 4500
001 000542294
003 CZ BrMZK
005 20000105143423.0
008 000105s1965 xr f cze d
040 |a BOA001  |b cze 
245 0 0 |a Československá socialistická republika  |h [kartografický dokument] /  |c odp. red. Albert Kelemen 
250 |a 3. čes. vyd. 
255 |a 1:1 500 000 
260 |a [Praha] :  |b Ústřední správa geodézie a kartografie,  |c 1965 
300 |a 1 list ;  |c 35 x 59 cm 
700 1 |a Kelemen, Albert,  |d 1922-1985  |7 jx20061209045 
910 |a BOA001  |b Mp4-0542.798 
990 |a MP 
996 6 |b 2619733452  |c Mp4-0542.798  |l MZK  |r Sklad / do 1 hodiny  |n 0  |w 000542294  |u 000010  |a 1  |e BOA001  |j MZK50  |s P